LEADER 01240nam a2200277 i 4500 001 000000131446 003 CaOOAMICUS 005 20250603154440.0 008 041118s1968 it u000 u ita u 040 $aSeMil$bita 100 1 $aAndri?, Ivo,$d<1892-1975>.$0(OLS)http://semarc/name/91693 245 00$aIvo Andri? :$bpremio Nobel per la letteratura 1961. 246 08$aEx ponto e altre opere 264 1$aMilano :$bFratelli Fabbri Editori,$c1968. 300 $a330 p. ;$c23 cm. 490 1 $aI premi Nobel per la letteratura ;$v57. 500 $aContiene: Ex ponto ; Il viaggio di Alija Gjerzelez ; La sete 600 14$aAndri?, Ivo <1892-1975>.$0(OLS)http://semarc/subject/57726 830 2$aI premi Nobel per la letteratura ;$v57.$0(OLS)http://semarc/title/407024 850 $aSeMil 852 $aSeMil$W1$xVenegono$y1$m1W V 348$j257728$B85424$CSeMilBibl$Z2$F89219 $81 961 $aLascito: Colombo [Sig.] - Lazzate 996 $6245$aIvo Andri? :$bpremio Nobel per la letteratura 1961$9(OLS)http://semarc/title/454118 996 $6246$aEx ponto e altre opere$9(OLS)http://semarc/title/193396 996 $6264$aMilano :$bFratelli Fabbri Editori$9(OLS)http://semarc/publisher/29845 LEADER 01439nam a2200289 i 4500 001 000000132451 003 CaOOAMICUS 005 20070503000000.0 008 070503s1993 it u000 u ita u 013 $a105409 020 $a88-311-2654-7 040 $aSeMil$bita 100 1 $aFlinker, Moshe.$0(OLS)http://semarc/name/54525 240 10$aYoung Moshe's Diary.$0(OLS)http://semarc/title/194537 245 10$aDiario profetico, 1942-1943 :$briflessioni di un giovane ebreo nell'Europa nazista /$cMoshe Flinker ; introduzioni di Shaul Esh e Geoffrey Wigoder ; presentazione di Italo Alighiero Chiusano. 260 $aRoma :$bCittà Nuova,$ccopyr. 1993. 300 $a141 p. ;$c20 cm. 650 4$aEbrei - Persecuzioni - Olanda - 1941-1943 - Diari e memorie.$0(OLS)http://semarc/subject/26067 700 1 $aChiusano, Italo Alighiero,$d<1926-1995>.$0(OLS)http://semarc/name/2997 700 1 $aWigoder, Geoffrey.$0(OLS)http://semarc/name/54527 700 1 $aEsh, Shaul.$0(OLS)http://semarc/name/54526 850 $aSeMil 852 $aSeMil$W1$xVenegono$y1$m3V II 58$j86363$B86363$CSeMilBibl$Z2$F124384 $81 961 $aLascito: Chierichetti mons. Giovanni 996 $6020$a88-311-2654-7$9(OLS)http://semarc/number/119469 996 $6245$aDiario profetico, 1942-1943 :$briflessioni di un giovane ebreo nell'Europa nazista$9(OLS)http://semarc/title/194536 996 $6260$aRoma :$bCittà Nuova$9(OLS)http://semarc/publisher/29609